| 000 | 00788pam a2200253 a 4500 | ||
|---|---|---|---|
| 001 | 531414 | ||
| 003 | ARRUPE | ||
| 005 | 20140908134521.0 | ||
| 008 | 870422s1987 nyu b 001 0 eng | ||
| 010 | _a 87000658 | ||
| 020 | _a0824508394 | ||
| 040 |
_aDLC _cDLC _dDLC |
||
| 050 | 0 | 0 |
_aBX1805 _b.G65 1987 |
| 082 | 0 | 0 |
_a262/.13 _219 |
| 100 | 1 |
_aGranfield, Patrick. _911102 |
|
| 245 | 1 | 4 |
_aThe limits of the papacy : _bauthority and autonomy in the church / _cPatrick Granfield. |
| 260 |
_aNew York : _bCrossroad, _c1987. |
||
| 300 |
_aviii, 207 p. ; _c24 cm. |
||
| 504 | _aIncludes bibliographical references and index. | ||
| 610 | 2 | 0 |
_aCatholic Church _xGovernment. _911103 |
| 650 | 0 |
_aPapacy. _9230 |
|
| 906 |
_a7 _bcbc _corignew _d1 _eocip _f19 _gy-gencatlg |
||
| 942 |
_2lcc _cMONOGRAPH |
||
| 999 |
_c120789 _d120789 |
||